000 00769nam a2200217 a 4500
999 _c9164
_d9164
001 9164
003 BD-JhCC
005 20180523114015.0
008 180310s1999 bg |||| ||a| 000 0 ben d
035 _a(BD-JhCC)9164
040 _aBD-JhCC
_dBD-JhCC
041 _aben
082 _a320.954
_bBAN 1999
245 _aবাংলাদেশ রাজনীতির ২৫ বছর /
_cতারেক শামসুর রহমান (সম্পাদনা)
260 _aঢাকা :
_bমাওলা ব্রাদার্স,
_c1999
300 _aV-1, 254 p. :
_c22 cm.
650 _aPolitics and Government
_zBangladesh
700 _aরহমান, তারেক শামসুর (সম্পাদনা)
942 _2ddc
_cBK